Giáo dục so sánh
Sách khái quát về giáo dục so sánh, phương pháp thực hiện giáo dục so sánh, nghiên cứu bài tập giáo dục so sánh.
Wedi'i Gadw mewn:
| Prif Awdur: | |
|---|---|
| Fformat: | Llyfr |
| Iaith: | Undetermined |
| Cyhoeddwyd: |
Thành phố Hồ Chí Minh
Đại học Sư phạm Thành phố Hồ Chí Minh
2019
|
| Pynciau: | |
| Tagiau: |
Ychwanegu Tag
Dim Tagiau, Byddwch y cyntaf i dagio'r cofnod hwn!
|
| Thư viện lưu trữ: | Trung tâm Học liệu Trường Đại học Cần Thơ |
|---|
| LEADER | 00852nam a2200217Ia 4500 | ||
|---|---|---|---|
| 001 | CTU_238452 | ||
| 008 | 210402s9999 xx 000 0 und d | ||
| 082 | |a 370 | ||
| 082 | |b L451 | ||
| 100 | |a Võ, Văn Lộc | ||
| 245 | 0 | |a Giáo dục so sánh | |
| 245 | 0 | |c Võ Văn Lộc, Nguyễn Tiến Đạt | |
| 260 | |a Thành phố Hồ Chí Minh | ||
| 260 | |b Đại học Sư phạm Thành phố Hồ Chí Minh | ||
| 260 | |c 2019 | ||
| 520 | |a Sách khái quát về giáo dục so sánh, phương pháp thực hiện giáo dục so sánh, nghiên cứu bài tập giáo dục so sánh. | ||
| 526 | |a Giáo dục so sánh và giáo dục bền vững | ||
| 526 | |b SG114 | ||
| 650 | |a Giáo dục,Education | ||
| 910 | |b vtbtruc | ||
| 980 | |a Trung tâm Học liệu Trường Đại học Cần Thơ | ||